| 000 | 01010nam a2200265 i 4500 | ||
|---|---|---|---|
| 001 | bg | ||
| 100 | 1 | _aDALE, Margaret | |
| 245 | 1 | 0 |
_aSkuteczna rekrutacja i selekcja pracowników / _cMargaret Dale ; przeł. Leszek Wójcik. |
| 246 |
_iTyt. oryg.: _aSuccessful recruitment and selection : a practical guide for managers |
||
| 260 |
_aKraków : _bOficyna Ekonomiczna. Oddział Polskich Wydawnictw Profesjonalnych : _b"ABC", _c2001. |
||
| 300 |
_a304 s. : _bil. ; _c24 cm. |
||
| 490 | 1 | _aZarządzanie Zasobami Ludzkimi (HR) | |
| 500 | _aTyt. oryg.: "Successful recruitment and selection : a practical guide for managers" 1995. | ||
| 504 | _aBibliogr. - Indeks. | ||
| 650 | 9 |
_aKadry _xpolityka |
|
| 830 | _aZarządzanie Zasobami Ludzkimi (HR) | ||
| 020 | _a8388597248 | ||
| 040 | _cBPK | ||
| 041 | 1 |
_apl _hen |
|
| 080 | _a331.1 | ||
| 920 | _a83-88597-24-8 | ||
| 942 | _cKS | ||
| 008 | s pl f |000 0 pol | ||
| 999 |
_c39963 _d39963 |
||
| 856 |
_uhttp://koha.tu.koszalin.pl/cgi-bin/koha/opac-detail.pl?biblionumber=39963 _yKatalog online BPK |
||